| 000 | 00373nam a22001337a 4500 | ||
|---|---|---|---|
| 020 | _a 978-94-017-2742-6 | ||
| 082 |
_a604.201516 _bABB |
||
| 100 |
_aABBOTT, W. _939365 |
||
| 245 |
_aPractical Geometry and Engineering Graphics / _c W. ABBOTT |
||
| 260 |
_aUK : _bSpringer Science+Business Media _c1971. |
||
| 300 | _a353p. ; | ||
| 500 | _aHard binding | ||
| 942 |
_2ddc _cBK |
||
| 999 |
_c607127 _d607127 |
||